[Event "Amantea op-A 9th"]
[Site "Amantea"]
[Date "2011.09.06"]
[Round "3"]
[White "Sarro, Emilio"]
[Black "Rotelli, Pietro"]
[Result "1/2-1/2"]
[WhiteElo "1979"]
[BlackElo "1918"]
[PlyCount "92"]
[EventDate "2011.09.04"]
[EventType "swiss"]
[EventRounds "9"]
[EventCountry "ITA"]
[SourceTitle "CBM 144 Extra"]
[Source "ChessBase"]
[SourceDate "2011.10.28"]
[SourceVersion "1"]
[SourceVersionDate "2011.10.28"]
[SourceQuality "1"]

1. c4 c6 2. Nf3 d5 3. cxd5 cxd5 4. d4 Nc6 5. Nc3 Nf6 6. e3 e6 7. Bb5 Bd7 8. 0-0 Bd6 9. Bd2 0-0 10. Rc1 Rc8 11. Qe2 Ne4 12. Bd3 f5 13. Ne1 Rf6 14. f4 Rh6 15. Nf3 Be8 16. Bxe4 fxe4 17. Ne5 Bxe5 18. fxe5 Ne7 19. Nb5 Rxc1 20. Rxc1 Nf5 21. Be1 a6 22. Na7 Bd7 23. Bf2 Ne7 24. Qc2 Nc6 25. Nxc6 Bxc6 26. b3 g5 27. a4 Rg6 28. Be1 h6 29. Bb4 g4 30. Rf1 Qg5 31. Qf2 Qf5 32. Qh4 Qg5 33. Rf8+ Kg7 34. Qf2 Kh7 35. Rf7+ Rg7 36. Bf8 Rxf7 37. Qxf7+ Kh8 38. Qf2 h5 39. g3 Kg8 40. Bd6 Qf5 41. Qxf5 exf5 42. a5 Kf7 43. Kf2 Ke6 44. Ke2 Be8 45. Kd2 Bf7 46. Kc3 Kd7 1/2-1/2

[Event "Wch Seniors 19th"]
[Site "Condino"]
[Date "2009.11.06"]
[Round "10"]
[White "Taksrud, Vidar"]
[Black "Rotelli, Pietro"]
[Result "1-0"]
[WhiteElo "2111"]
[BlackElo "1979"]
[PlyCount "53"]
[EventDate "2009.10.27"]
[EventType "swiss"]
[EventRounds "11"]
[EventCountry "ITA"]
[SourceTitle "EXT 2010"]
[Source "ChessBase"]
[SourceDate "2010.11.25"]
[SourceVersion "1"]
[SourceVersionDate "2010.11.25"]
[SourceQuality "1"]

1. Nc3 d5 2. e4 d4 3. Nce2 c5 4. Nf3 Nc6 5. Ng3 g6 6. Bb5 Bd7 7. 0-0 Bg7 8. c3 a6 9. Bxc6 Bxc6 10. cxd4 cxd4 11. d3 h6 12. Bf4 Qa5 13. Nd2 e5 14. Nc4 Qc7 15. Bd2 a5 16. f4 b5 17. Nxe5 Bxe5 18. fxe5 Qxe5 19. Rc1 Ne7 20. Qe1 b4 21. Qf2 Qg7 22. Rc4 Rd8 23. Rc5 Ra8 24. Bf4 f6 25. Bd6 Ra6 26. Qxd4 0-0 27. Bxe7 1-0

[Event "Wch Seniors 19th"]
[Site "Condino"]
[Date "2009.10.29"]
[Round "3"]
[White "Rotelli, Pietro"]
[Black "Batakovs, Olegs N"]
[Result "1-0"]
[WhiteElo "1979"]
[BlackElo "2186"]
[PlyCount "119"]
[EventDate "2009.10.27"]
[EventType "swiss"]
[EventRounds "11"]
[EventCountry "ITA"]
[SourceTitle "EXT 2010"]
[Source "ChessBase"]
[SourceDate "2010.11.25"]
[SourceVersion "1"]
[SourceVersionDate "2010.11.25"]
[SourceQuality "1"]

1. d4 Nf6 2. c4 g6 3. Nc3 Bg7 4. e4 d6 5. f3 0-0 6. Be3 Nc6 7. Nge2 a6 8. Ng3 e5 9. d5 Nd4 10. Nge2 Nxe2 11. Bxe2 Nh5 12. Qd2 f5 13. 0-0-0 f4 14. Bf2 Bd7 15. c5 Rf7 16. Kb1 Bf8 17. Bc4 b5 18. cxb6 cxb6 19. a3 b5 20. Be2 Be8 21. Rc1 Rb7 22. Na2 a5 23. b3 Be7 24. Qe1 Bd7 25. Rc2 Qb8 26. Nc1 Bd8 27. Qd2 Bb6 28. Bxb6 Rxb6 29. Nd3 Rb7 30. Rhc1 Qa7 31. Qe1 Qb6 32. Qh4 Rf8 33. g4 Nf6 34. Qf2 Qd8 35. h4 Kh8 36. Qh2 Rg8 37. Nf2 Ne8 38. g5 Ng7 39. Bf1 Qb6 40. Bh3 b4 41. Bxd7 Rxd7 42. Ng4 bxa3 43. Ka2 Rb7 44. Rc3 a4 45. Qc2 Qd4 46. Rd1 axb3+ 47. Rxb3 Qa4 48. Rdb1 Nh5 49. Qc6 Qxc6 50. dxc6 Rc7 51. Rc1 Ng3 52. Rc2 Rgc8 53. Rbc3 Nf1 54. Nf6 Ne3 55. Rc1 Rb8 56. Nd5 Nxd5 57. exd5 Rb5 58. Rb3 Rxb3 59. Kxb3 Kg7 60. Kxa3 1-0

[Event "Amantea op-A 7th"]
[Site "Amantea"]
[Date "2009.09.06"]
[Round "8"]
[White "Bentivegna, Francesco"]
[Black "Rotelli, Pietro"]
[Result "1-0"]
[WhiteElo "2324"]
[BlackElo "1974"]
[PlyCount "60"]
[EventDate "2009.08.31"]
[EventType "swiss"]
[EventRounds "9"]
[EventCountry "ITA"]
[SourceTitle "CBM 132 Extra"]
[Source "ChessBase"]
[SourceDate "2009.11.03"]
[SourceVersion "1"]
[SourceVersionDate "2009.11.03"]
[SourceQuality "1"]

1. e4 c6 2. Nf3 d5 3. exd5 cxd5 4. Ne5 Nf6 5. d4 g6 6. Bd3 Nc6 7. c3 Bg7 8. f4 Bf5 9. Be2 h5 10. Nd2 Nxe5 11. fxe5 Nd7 12. 0-0 e6 13. Nf3 Bh6 14. Bxh6 Rxh6 15. Qd2 Rh8 16. b3 a6 17. c4 Kf8 18. cxd5 exd5 19. Qb4+ Kg7 20. Qxb7 Be6 21. Qb4 a5 22. Qd2 a4 23. b4 Qb6 24. Rac1 Rhc8 25. Rc5 Nxc5 26. dxc5 Qd8 27. a3 Qe7 28. Nd4 Bd7 29. Qf4 Be8 30. Bxh5 g5 1-0

[Event "Bisaccia op"]
[Site "Bisaccia"]
[Date "2009.05.31"]
[Round "3"]
[White "Vanacore, Francesco"]
[Black "Rotelli, Pietro"]
[Result "1-0"]
[WhiteElo "2050"]
[BlackElo "1970"]
[PlyCount "71"]
[EventDate "2009.05.29"]
[EventType "swiss"]
[EventRounds "7"]
[EventCountry "ITA"]
[SourceTitle "EXT 2011"]
[Source "ChessBase"]
[SourceDate "2010.11.26"]
[SourceVersion "1"]
[SourceVersionDate "2010.11.26"]
[SourceQuality "1"]

1. e4 c6 2. d4 d5 3. e5 Bf5 4. Bd3 Bxd3 5. Qxd3 e6 6. f4 g6 7. Nf3 Nd7 8. 0-0 Nh6 9. c3 Be7 10. g3 a5 11. Be3 0-0 12. h3 c5 13. g4 cxd4 14. cxd4 Kg7 15. Nbd2 Qb6 16. Kg2 Qa6 17. Qb1 Rfe8 18. f5 exf5 19. Bxh6+ Kxh6 20. gxf5 gxf5 21. Qxf5 Qe6 22. Qf4+ Kg7 23. Ng5 Bxg5 24. Qxg5+ Kh8 25. Qh5 Rf8 26. Rf4 f6 27. Qh6 Rae8 28. Raf1 Rf7 29. Nf3 Ref8 30. Ng5 Qa6 31. Nxf7+ Rxf7 32. exf6 Qe2+ 33. R1f2 Qe1 34. Kh2 Qe3 35. Qg5 Nxf6 36. Qe5 1-0

[Event "Bisaccia op"]
[Site "Bisaccia"]
[Date "2009.05.29"]
[Round "1"]
[White "Martorelli, Antonio"]
[Black "Rotelli, Pietro"]
[Result "1-0"]
[WhiteElo "2236"]
[BlackElo "1970"]
[PlyCount "39"]
[EventDate "2009.05.29"]
[EventType "swiss"]
[EventRounds "7"]
[EventCountry "ITA"]
[SourceTitle "EXT 2011"]
[Source "ChessBase"]
[SourceDate "2010.11.26"]
[SourceVersion "1"]
[SourceVersionDate "2010.11.26"]
[SourceQuality "1"]

1. e4 Nf6 2. Nc3 d6 3. d4 g6 4. Bc4 Bg7 5. Qe2 Nc6 6. e5 Nxd4 7. exf6 Nxe2 8. fxg7 Rg8 9. Ngxe2 Rxg7 10. Bh6 Rg8 11. 0-0-0 e6 12. h4 Bd7 13. Ne4 f6 14. Nf4 Kf7 15. Rhe1 Re8 16. g4 Qc8 17. g5 b5 18. Bb3 d5 19. Nxf6 Re7 20. Nd3 1-0

[Event "ITA-ch Seniors 31st"]
[Site "Arvier"]
[Date "2009.05.02"]
[Round "9"]
[White "Turturici, Pellegrino"]
[Black "Rotelli, Pietro"]
[Result "0-1"]
[WhiteElo "1977"]
[BlackElo "1970"]
[PlyCount "58"]
[EventDate "2009.04.24"]
[EventType "swiss"]
[EventRounds "9"]
[EventCountry "ITA"]
[SourceTitle "EXT 2011"]
[Source "ChessBase"]
[SourceDate "2010.11.26"]
[SourceVersion "1"]
[SourceVersionDate "2010.11.26"]
[SourceQuality "1"]

1. e4 c6 2. d4 d5 3. Nc3 dxe4 4. Nxe4 Bf5 5. Ng3 Bg6 6. h4 h6 7. Nf3 Nd7 8. h5 Bh7 9. Bd3 Bxd3 10. Qxd3 e6 11. Bd2 Ngf6 12. 0-0-0 Bd6 13. Ne4 Nxe4 14. Qxe4 Nf6 15. Qe2 Qc7 16. g3 0-0-0 17. Rh4 Rhe8 18. Ne5 c5 19. Nc4 Be7 20. Bf4 Qc6 21. Qe5 Nd7 22. Nd6+ Kb8 23. Qxg7 Bxd6 24. Bxh6 Bf8 25. Bf4+ e5 26. Qxf7 exf4 27. h6 Bxh6 28. gxf4 Rf8 29. Qe7 Qf6 0-1

[Event "ITA-ch Seniors 31st"]
[Site "Arvier"]
[Date "2009.04.27"]
[Round "5"]
[White "Rotelli, Pietro"]
[Black "Fisauli, Francesco"]
[Result "1-0"]
[WhiteElo "1970"]
[BlackElo "1832"]
[PlyCount "53"]
[EventDate "2009.04.24"]
[EventType "swiss"]
[EventRounds "9"]
[EventCountry "ITA"]
[SourceTitle "EXT 2011"]
[Source "ChessBase"]
[SourceDate "2010.11.26"]
[SourceVersion "1"]
[SourceVersionDate "2010.11.26"]
[SourceQuality "1"]

1. d4 d5 2. c4 e6 3. Nc3 Bb4 4. e3 Nf6 5. Bd3 0-0 6. Nf3 c5 7. a3 Bxc3+ 8. bxc3 b6 9. 0-0 cxd4 10. cxd4 Ba6 11. cxd5 Bxd3 12. Qxd3 Nxd5 13. e4 Nf6 14. Bg5 h6 15. Bh4 g5 16. Nxg5 Ng4 17. Nf3 Ne5 18. Nxe5 Qxh4 19. Rac1 Qe7 20. Qe3 Qg5 21. f4 Qe7 22. Qh3 Kh7 23. Ng4 f5 24. Nxh6 Kg7 25. exf5 Rh8 26. Qg3+ Kxh6 27. Qg6# 1-0

[Event "Sant' Anna op 10th"]
[Site "Pisignano di Vernole"]
[Date "2007.08.08"]
[Round "3"]
[White "Rotelli, Pietro"]
[Black "Pace, Colin"]
[Result "0-1"]
[WhiteElo "1978"]
[BlackElo "2153"]
[PlyCount "80"]
[EventDate "2007.08.07"]
[EventType "swiss"]
[EventRounds "7"]
[EventCountry "ITA"]
[SourceTitle "EXT 2009"]
[Source "ChessBase"]
[SourceDate "2008.11.26"]
[SourceVersion "1"]
[SourceVersionDate "2008.11.26"]
[SourceQuality "1"]

1. d4 d5 2. c4 e6 3. Nc3 c6 4. e4 dxe4 5. Nxe4 Bb4+ 6. Bd2 Qxd4 7. Bxb4 Qxe4+ 8. Be2 Nd7 9. Nf3 b6 10. 0-0 Bb7 11. Re1 c5 12. Bc3 Ngf6 13. Bf1 Qc6 14. Ne5 Nxe5 15. Bxe5 h5 16. f3 Nd7 17. Bd3 Nxe5 18. Rxe5 0-0-0 19. Qe2 Rd4 20. Be4 Qd6 21. f4 Ba6 22. b3 f6 23. Rxe6 Qxe6 24. Bb7+ Kd7 25. Qxe6+ Kxe6 26. Bxa6 Rxf4 27. Re1+ Kf7 28. Bb5 Rd4 29. Bc6 Rhd8 30. Bf3 h4 31. h3 Rd2 32. a4 R2d3 33. Bd5+ Kf8 34. Re4 Rd4 35. Re3 Re8 36. Kf2 Rd2+ 37. Kf3 Rxe3+ 38. Kxe3 Rb2 39. Bc6 Rxb3+ 40. Kf4 Rb4 0-1

[Event "Sant' Anna op 10th"]
[Site "Pisignano di Vernole"]
[Date "2007.08.07"]
[Round "1"]
[White "Rotelli, Pietro"]
[Black "Laketic, Gojko"]
[Result "0-1"]
[WhiteElo "1978"]
[BlackElo "2430"]
[PlyCount "66"]
[EventDate "2007.08.07"]
[EventType "swiss"]
[EventRounds "7"]
[EventCountry "ITA"]
[SourceTitle "EXT 2009"]
[Source "ChessBase"]
[SourceDate "2008.11.26"]
[SourceVersion "1"]
[SourceVersionDate "2008.11.26"]
[SourceQuality "1"]

1. d4 Nf6 2. c4 g6 3. Nc3 Bg7 4. e4 d6 5. f3 0-0 6. Be3 c5 7. Nge2 cxd4 8. Nxd4 Nc6 9. Qd2 Bd7 10. Be2 Nxd4 11. Bxd4 Bc6 12. 0-0 Nd7 13. Bxg7 Kxg7 14. Nd5 Bxd5 15. exd5 Qb6+ 16. Kh1 a5 17. Rab1 Rfe8 18. Bd1 Nc5 19. b4 axb4 20. Rxb4 Qa5 21. Rb2 Qxd2 22. Rxd2 Ra3 23. Be2 Rea8 24. Rfd1 Rxa2 25. h3 Nb3 26. Rxa2 Rxa2 27. Rb1 Ra1 28. Rxa1 Nxa1 29. Bd1 Kf6 30. f4 Kf5 31. g3 Ke4 32. Ba4 f6 33. h4 Kd4 0-1

[Event "Wch Seniors 15th"]
[Site "Lignano Sabbiadoro"]
[Date "2005.10.09"]
[Round "11"]
[White "Rotelli, Pietro"]
[Black "Barlo, Werner"]
[Result "1-0"]
[WhiteElo "2001"]
[BlackElo "1876"]
[PlyCount "159"]
[EventDate "2005.09.28"]
[EventType "swiss"]
[EventRounds "11"]
[EventCountry "ITA"]
[SourceTitle "CBM 108 Extra"]
[Source "ChessBase"]
[SourceDate "2005.11.04"]
[SourceVersion "1"]
[SourceVersionDate "2005.11.04"]
[SourceQuality "1"]

1. d4 Nf6 2. c4 e6 3. Nf3 b6 4. e3 Bb7 5. Be2 Be7 6. 0-0 0-0 7. Nc3 d5 8. b3 Nbd7 9. Bb2 c5 10. Rc1 Rc8 11. Re1 Re8 12. Bd3 cxd4 13. exd4 h6 14. Ne5 Nxe5 15. dxe5 Nd7 16. cxd5 exd5 17. Bf5 Bg5 18. Rc2 Rc5 19. e6 fxe6 20. Bxe6+ Kh8 21. Ba3 Rc8 22. Nb5 Rxc2 23. Qxc2 Nc5 24. Qg6 Rxe6 25. Rxe6 Nxe6 26. Qxe6 Bc8 27. Qf7 Qd7 28. Nd6 Qxf7 29. Nxf7+ Kh7 30. Nxg5+ hxg5 31. Bc1 Kg6 32. f3 b5 33. h3 Bf5 34. Kf2 Bb1 35. a3 Ba2 36. b4 d4 37. Bb2 d3 38. Ke3 Bc4 39. Bd4 a6 40. Bc3 Kf7 41. Bd2 Kg6 42. Kd4 Kf6 43. Kc5 Be6 44. Kb6 Bc8 45. Kc7 Be6 46. Kb7 g4 47. hxg4 Bb3 48. Kxa6 Ba4 49. Kb6 Ke6 50. Kc5 Ke5 51. Be3 g6 52. Bd2 Ke6 53. Kd4 Bc2 54. Ke4 Kf6 55. f4 Ke6 56. f5+ Kf7 57. g3 Bd1 58. Kf4 Kf6 59. Bc3+ Kf7 60. Kg5 gxf5 61. gxf5 Bf3 62. Kf4 Bd5 63. g4 Bc4 64. g5 Ba2 65. g6+ Kg8 66. f6 Bc4 67. Kg5 Bd5 68. Kh6 Bc4 69. f7+ Bxf7 70. gxf7+ Kxf7 71. Kg5 Ke6 72. Kf4 Kd5 73. Ke3 Kc4 74. Kd2 Kb3 75. Kxd3 Kxa3 76. Kd4 Kb3 77. Be1 Kc2 78. Kc5 Kd3 79. Kxb5 Kd4 80. Kc6 1-0

[Event "Salento op 6th"]
[Site "Gallipoli"]
[Date "2001.07.01"]
[Round "6"]
[White "Decataldo, Alba"]
[Black "Rotelli, Pietro"]
[Result "1-0"]
[WhiteElo "1755"]
[BlackElo "1779"]
[PlyCount "57"]
[EventDate "2001.06.29"]
[EventType "swiss"]
[EventRounds "6"]
[EventCountry "ITA"]
[SourceTitle "EXT 2002"]
[Source "ChessBase"]
[SourceDate "2001.11.25"]
[SourceVersion "1"]
[SourceVersionDate "2001.11.25"]
[SourceQuality "1"]

1. e4 c6 2. d4 d5 3. exd5 cxd5 4. c3 Nc6 5. Bd3 Nf6 6. h3 g6 7. Nf3 Bg7 8. 0-0 0-0 9. Re1 Re8 10. Bg5 h6 11. Bf4 Nd7 12. Na3 a6 13. Bc2 b5 14. Qd2 h5 15. Bh6 Bb7 16. Bxg7 Kxg7 17. Ng5 e5 18. dxe5 Rxe5 19. Rxe5 Ndxe5 20. Qf4 Qf6 21. Qg3 Kh6 22. h4 Rd8 23. Bb3 Nc4 24. Qc7 Kg7 25. Qxb7 Nxb2 26. Rf1 Na5 27. Qc7 Nac4 28. Bxc4 dxc4 29. Ne6+ 1-0